000 01611cam a2200157 4500500
005 20260208005818.0
041 _afre
042 _adc
100 1 0 _aHartmann, Pierre
_eauthor
245 0 0 _aCHRISTIAN ANGELET, JAN HERMAN. Recueil de préfaces de roman du 18e siècle. Volume II : 1750-1800 par CHRISTIAN ANGELET. Publications de l’université de Saint-Etienne et Presses universitaires de Louvain, 2003. Un vol. 16 × 24 de 412 p.
260 _c2005.
500 _a41
520 _aTout occupé à signifier le mystère essentiel et l’opacité du réel, le roman, chez Jules Barbey d’Aurevilly comme chez Marcel Proust, est le lieu indécis d’une confrontation entre la poésie et le récit. Ainsi, quand la prose romanesque de Barbey prétend porter le deuil du poème perdu, la Recherche orchestre avec bonheur, au contraire, une unité retrouvée. Chez Proust, roman et recueil se confondent, prose et poésie se rejoignent et la question métaphysique trouve une réponse esthétique. Aux fondrières (en fait de fondations) sur lesquelles le « barbare à sensations » qu’est Barbey a bâti l’édifice jésuitique d’une œuvre dont le catholicisme a souvent éveillé le soupçon, peut alors succéder la « cathédrale » immense élevée à la gloire de la littérature par le « dilettante d’architecture » qui fonde notre modernité.
786 0 _nRevue d'histoire littéraire de la France | 105 | 2 | 2005-03-01 | p. 423y-499y | 0035-2411
856 4 1 _uhttps://shs.cairn.info/revue-d-histoire-litteraire-de-la-france-2005-2-page-423y?lang=fr&redirect-ssocas=7080
999 _c1653898
_d1653898